[Event "Thüringenliga 2024/25"]
[Site "?"]
[Date "2024.12.08"]
[Round "4.7"]
[White "Götting, Danilo"]
[Black "Brömel, Richard"]
[Result "1/2-1/2"]
[WhiteElo "1725"]
[BlackElo "2001"]
[PlyCount "168"]
[EventDate "2024.09.15"]
[EventType "team-tourn"]
[EventRounds "9"]
[WhiteTeam "fuß brothers Jena"]
[BlackTeam "SV Schott Jena"]

1. e4 c6 2. d4 g6 3. Nf3 d5 4. exd5 cxd5 5. Bd3 Nc6 6. c3 Bg7 7. Bf4 Nf6 8. O-O O-O 9. Qc2 a6 10. Nbd2 b5 11. Ne5 Bb7 12. Rae1 Rc8 13. Nxc6 Bxc6 14. Nf3 e6 15. Ne5 Nh5 16. Bd2 Bxe5 17. Rxe5 Ng7 18. f4 Qb6 19. g4 f6 20. Re2 b4 21. f5 e5 22. Ref2 bxc3 23. bxc3 exd4 24. fxg6 dxc3 25. gxh7+ Kh8 26. Bxc3 d4 27. Qb2 Qxb2 28. Bxb2 Bb5 29. Bxb5 axb5 30. Bxd4 Kxh7 31. Bxf6 Rc4 32. g5 Ne6 33. Rf5 b4 34. Kg2 Kg6 35. Kg3 Nd4 36. R5f2 Ne6 37. h4 Kh5 38. Re1 Rg4+ 39. Kf3 Rf4+ 40. Kg2 Rg4+ 41. Kf1 Nc5 42. Re7 Rxh4 43. Rh7+ Kg4 44. Rxh4+ Kxh4 45. g6+ Kg4 46. g7 Rg8 47. Rh2 Ne4 48. Be5 Ng3+ 49. Kf2 Nh5 50. Ke3 Kg5 51. Ke4 Nxg7 52. Rg2+ Kh6 53. Kd5 Rd8+ 54. Kc4 Ne6 55. Kxb4 Rd5 56. Bc3 Nc5 57. a4 Nxa4 58. Kxa4 Kh5 59. Be1 Rc5 60. Kb4 Rc8 61. Bf2 Rc2 62. Kb3 Rc8 63. Be1 Rc5 64. Bc3 Rg5 65. Rf2 Kg4 66. Kc2 Rd5 67. Bd2 Rf5 68. Re2 Kf3 69. Re3+ Kf2 70. Re8 Rf7 71. Be3+ Ke2 72. Bd4+ Kf3 73. Kd3 Kf4 74. Re1 Kf5 75. Re2 Rh7 76. Kc4 Rc7+ 77. Kd5 Rd7+ 78. Kc5 Rd8 79. Re1 Rc8+ 80. Kb6 Rc2 81. Bc5 Rc4 82. Kc6 Re4 83. Rf1+ Rf4 84. Rxf4+ Kxf4 1/2-1/2

[Event "Landesklasse Ost 2024/25"]
[Site "?"]
[Date "2024.12.08"]
[Round "4.1"]
[White "Eichhorn, Mathilda"]
[Black "Sondermann, Johannes"]
[Result "0-1"]
[WhiteElo "1757"]
[BlackElo "2019"]
[PlyCount "78"]
[EventDate "2024.09.15"]
[EventType "team-tourn"]
[EventRounds "9"]
[WhiteTeam "SV Schott Jena 2"]
[BlackTeam "Meuselwitzer SV"]

{[%evp 0,78,29,29,50,34,99,72,62,26,28,35,84,62,35,37,31,24,15,22,39,22,39,39,60,34,55,51,81,48,56,40,18,-8,-9,-16,-55,-55,-50,-60,-56,-58,-28,-28,-35,-92,-13,-94,25,66,70,16,122,-13,-13,-16,-7,-53,-41,-73,-62,-135,-142,-139,-152,-137,-143,-824,-282,-308,-330,-341,-352,-352,-218,-221,-556,-604,-623,-29985,-29986]} 1. e4 c5 2. Nf3 d6 3. d4 cxd4 4. Nxd4 Nf6 5. Nc3 g6 6. Bc4 Bg7 7. Be3 O-O 8. f3 Nc6 9. Qd2 Bd7 10. O-O Rc8 11. Nxc6 bxc6 12. Rab1 Qa5 13. b4 Qe5 14. f4 Qh5 15. Bxa7 c5 16. b5 Ng4 17. h3 Bd4+ 18. Kh1 Ne3 19. Be2 Nxf1 20. Bxf1 Ra8 21. b6 Bc6 22. Nd5 Bxd5 23. exd5 Kg7 24. Bb5 Rxa7 25. bxa7 Ra8 26. c4 Rxa7 27. a4 Qh4 28. Bc6 Qg3 29. Qc1 f6 30. Rb7 Rxb7 31. Bxb7 Be3 32. Qc3 Qxf4 33. Qa1 Bd4 34. Qe1 Be5 35. Qg1 Qxc4 36. a5 Qb4 37. a6 c4 38. Bc6 c3 39. Qc1 c2 0-1

[Event "Landesklasse Ost 2024/25"]
[Site "?"]
[Date "2024.12.08"]
[Round "4.2"]
[White "Naundorf, Johannes"]
[Black "Bunke, Wilfried"]
[Result "1/2-1/2"]
[WhiteElo "1932"]
[BlackElo "1865"]
[PlyCount "54"]
[EventDate "2024.09.15"]
[EventType "team-tourn"]
[EventRounds "9"]
[WhiteTeam "Meuselwitzer SV"]
[BlackTeam "SV Schott Jena 2"]

{[%evp 0,54,29,20,20,28,22,18,38,18,21,16,20,16,17,4,-22,-22,-15,-15,-32,-59,-9,-47,-24,-68,-48,-117,-128,-94,-62,-77,-61,-54,-61,-61,-61,-65,-59,-71,-83,-84,-80,-89,-40,-62,-45,-109,-48,-49,-53,-35,-46,-51,-18,0,0]} 1. Nf3 Nf6 2. d4 e6 3. Bg5 Be7 4. Nbd2 d5 5. e3 O-O 6. Bd3 Nbd7 7. Ne5 Nxe5 8. dxe5 Nd7 9. Bxe7 Qxe7 10. f4 f6 11. exf6 Qxf6 12. c3 e5 13. O-O Qb6 14. Qe2 exf4 15. Nb3 Qxe3+ 16. Qxe3 fxe3 17. Rxf8+ Nxf8 18. Re1 Bd7 19. Nc5 Re8 20. Nxb7 Re5 21. Nc5 Bc8 22. b4 Ne6 23. Nb3 g5 24. g3 Kg7 25. Kg2 g4 26. Nd4 Nxd4 27. cxd4 Re7 1/2-1/2

[Event "Landesklasse Ost 2024/25"]
[Site "?"]
[Date "2024.12.08"]
[Round "4.3"]
[White "Jordan, Gunter"]
[Black "Barth, Jürgen"]
[Result "1/2-1/2"]
[WhiteElo "1786"]
[BlackElo "1839"]
[PlyCount "45"]
[EventDate "2024.09.15"]
[EventType "team-tourn"]
[EventRounds "9"]
[WhiteTeam "SV Schott Jena 2"]
[BlackTeam "Meuselwitzer SV"]

{[%evp 0,45,20,28,20,13,19,25,29,21,27,19,24,1,38,17,-6,1,1,-7,0,-13,-10,-10,-10,-12,-5,-9,-16,-13,26,1,17,9,7,10,13,2,21,5,5,10,10,4,15,0,0,0]} 1. d4 d5 2. Bf4 Nf6 3. Nf3 e6 4. e3 Bd6 5. Bxd6 Qxd6 6. Nbd2 Nbd7 7. Bd3 e5 8. dxe5 Nxe5 9. Nxe5 Qxe5 10. c3 O-O 11. Nf3 Qd6 12. h3 c5 13. O-O h6 14. Qc2 c4 15. Bf5 Be6 16. Rfd1 Rad8 17. Nd4 Qe5 18. Rd2 Bxf5 19. Qxf5 Qxf5 20. Nxf5 Rfe8 21. Rad1 Re5 22. Ng3 Rc8 23. Ne2 1/2-1/2

[Event "Landesklasse Ost 2024/25"]
[Site "?"]
[Date "2024.12.08"]
[Round "4.4"]
[White "Sniegowski, Richard"]
[Black "Hirsch, Tilo"]
[Result "1/2-1/2"]
[WhiteElo "1748"]
[BlackElo "1711"]
[PlyCount "83"]
[EventDate "2024.09.15"]
[EventType "team-tourn"]
[EventRounds "9"]
[WhiteTeam "Meuselwitzer SV"]
[BlackTeam "SV Schott Jena 2"]

{[%evp 0,83,29,29,70,40,41,11,16,6,-3,3,7,11,28,3,27,13,17,15,34,12,1,-1,-9,-6,-21,-16,-15,-19,8,22,25,20,-11,-13,17,51,54,54,66,66,66,62,58,58,71,24,45,39,49,49,46,51,35,46,44,10,9,20,16,-7,-6,-6,5,-37,-38,-40,-38,-37,-42,-49,-47,-44,-37,-42,-34,-40,-38,-40,-40,-50,-39,-50,-42,-40]} 1. e4 d6 2. d3 g6 3. g3 Bg7 4. Bg2 Nc6 5. Nf3 Bd7 6. O-O e6 7. c3 Nge7 8. Re1 O-O 9. Nbd2 Qc8 10. Nf1 e5 11. Ne3 f5 12. exf5 Nxf5 13. Nxf5 Bxf5 14. Be3 Bg4 15. Qb3+ Be6 16. Qa4 h6 17. Nd2 Ne7 18. d4 Nf5 19. dxe5 Nxe3 20. Rxe3 Bxe5 21. Qe4 Bf7 22. Rae1 Bf6 23. b3 d5 24. Qd3 c6 25. Nf3 Qd7 26. Ne5 Bxe5 27. Rxe5 Rae8 28. Rxe8 Rxe8 29. Rxe8+ Qxe8 30. Qe3 Qxe3 31. fxe3 Be6 32. b4 Kf7 33. Kf2 Kf6 34. a4 Ke5 35. a5 b6 36. axb6 axb6 37. Ke2 c5 38. bxc5 bxc5 39. Bf1 Bg4+ 40. Kf2 Bf5 41. Bg2 Be6 42. Ke2 1/2-1/2

[Event "Landesklasse Ost 2024/25"]
[Site "?"]
[Date "2024.12.08"]
[Round "4.6"]
[White "Schmidt, Jörg"]
[Black "Filter, Robert"]
[Result "0-1"]
[WhiteElo "1702"]
[BlackElo "1685"]
[PlyCount "61"]
[EventDate "2024.09.15"]
[EventType "team-tourn"]
[EventRounds "9"]
[WhiteTeam "Meuselwitzer SV"]
[BlackTeam "SV Schott Jena 2"]

{[%evp 0,61,29,28,50,66,71,66,44,35,28,24,90,53,54,43,51,63,55,40,48,53,57,6,4,-54,-56,-51,-78,-120,-139,-227,-130,-190,-155,-209,-230,-226,-192,-208,-195,-195,-128,-128,-125,-141,-149,-146,-146,-157,-156,-157,-130,-130,-144,-119,-102,-134,-131,-132,-135,-222,-236,-220]} 1. e4 c5 2. Nf3 d6 3. d4 cxd4 4. Nxd4 Nf6 5. Nc3 e6 6. Be3 Be7 7. Be2 a6 8. O-O O-O 9. Qd2 Nc6 10. Rad1 Qc7 11. Bf3 Ne5 12. b3 Nxf3+ 13. Nxf3 b5 14. Qd3 Bb7 15. Nd2 Rac8 16. Ne2 Qxc2 17. Qxc2 Rxc2 18. f3 Rfc8 19. a4 bxa4 20. bxa4 Bc6 21. Nd4 Rc3 22. Nxc6 R3xc6 23. Rb1 d5 24. e5 Nd7 25. f4 Bc5 26. Bxc5 Nxc5 27. a5 Nd7 28. Nb3 Kf8 29. Rfe1 g6 30. g4 Rc4 31. Rf1 0-1

[Event "Landesklasse Ost 2024/25"]
[Site "?"]
[Date "2024.12.08"]
[Round "4.7"]
[White "Falk, Peter"]
[Black "Schmidt, Jens"]
[Result "1/2-1/2"]
[WhiteElo "1502"]
[BlackElo "1721"]
[PlyCount "47"]
[EventDate "2024.09.15"]
[EventType "team-tourn"]
[EventRounds "9"]
[WhiteTeam "SV Schott Jena 2"]
[BlackTeam "Meuselwitzer SV"]

{[%evp 0,47,28,29,63,59,74,24,50,42,63,66,63,52,29,32,45,41,47,40,40,27,21,34,40,24,24,17,48,58,86,60,81,42,28,17,20,19,5,-19,15,-28,1,-32,-19,-33,9,0,11,-43]} 1. e4 c6 2. d4 d5 3. Nc3 dxe4 4. Nxe4 Bf5 5. Ng3 Bg6 6. Nf3 Nd7 7. Bd3 Bxd3 8. Qxd3 Ngf6 9. c4 e6 10. Bf4 Bb4+ 11. Bd2 Bd6 12. Bc3 O-O 13. O-O c5 14. Rad1 cxd4 15. Bxd4 Bc5 16. Qc3 Qc7 17. Rfe1 Rac8 18. b3 Rfd8 19. Rc1 a6 20. Ne4 Nxe4 21. Rxe4 Bxd4 22. Rxd4 Nf6 23. Rcd1 h6 24. R1d2 1/2-1/2

[Event "Landesklasse Ost 2024/25"]
[Site "?"]
[Date "2024.12.08"]
[Round "4.8"]
[White "Steigemann, Lutz"]
[Black "Gäbler, Norman"]
[Result "1-0"]
[WhiteElo "1632"]
[BlackElo "1382"]
[PlyCount "65"]
[EventDate "2024.09.15"]
[EventType "team-tourn"]
[EventRounds "9"]
[WhiteTeam "Meuselwitzer SV"]
[BlackTeam "SV Schott Jena 2"]

{[%evp 0,65,34,29,37,6,34,27,20,14,-9,-9,56,51,30,23,44,27,54,5,-2,-40,-48,-52,-18,-68,-59,-106,1,-9,378,381,390,374,385,377,388,304,373,379,379,379,373,387,406,373,420,358,401,401,399,404,478,520,549,553,574,574,584,551,545,425,425,427,556,554,555,556]} 1. e4 c5 2. f4 a6 3. Nf3 Nc6 4. c4 e6 5. Nc3 Be7 6. Be2 Nf6 7. O-O O-O 8. e5 Ne8 9. Bd3 f5 10. Qe1 d6 11. Bc2 dxe5 12. fxe5 Nd4 13. Nxd4 Qxd4+ 14. Qe3 Qxc4 15. Rf4 Bg5 16. Rxc4 Bxe3+ 17. dxe3 b6 18. a4 Bd7 19. b4 cxb4 20. Rxb4 Rc8 21. Bd2 b5 22. axb5 axb5 23. Ra7 Nc7 24. Rd4 Bc6 25. Bb3 Rfe8 26. Rd6 b4 27. Rxc6 bxc3 28. Bxc3 Nd5 29. Bxd5 exd5 30. Rcc7 Rxc7 31. Rxc7 Rd8 32. e6 Re8 33. Rxg7+ 1-0

[Event "Landesklasse Ost 2024/25"]
[Site "?"]
[Date "2024.12.08"]
[Round "4.1"]
[White "Kania, Markus"]
[Black "Besancon, Pascal"]
[Result "1-0"]
[WhiteElo "2064"]
[BlackElo "1880"]
[PlyCount "77"]
[EventDate "2024.09.15"]
[EventType "team-tourn"]
[EventRounds "9"]
[WhiteTeam "MTV 1876 Saalfeld"]
[BlackTeam "Schachklub Weida"]

{[%evp 0,77,19,-12,-4,-20,-19,-24,-21,-19,-5,-7,-2,4,25,9,18,30,32,22,81,86,80,44,63,61,91,62,76,25,51,3,4,38,14,15,44,39,97,111,160,181,148,161,236,224,164,158,148,108,120,103,103,79,100,75,101,94,164,0,86,68,131,125,137,152,152,126,244,209,208,217,224,64,294,297,317,302,314,317]} 1. c4 e6 2. g3 d5 3. Bg2 Nf6 4. Nf3 Be7 5. d4 O-O 6. Nc3 c6 7. O-O Nbd7 8. Qd3 dxc4 9. Qxc4 c5 10. dxc5 Bxc5 11. b4 Bd6 12. Rd1 Qe7 13. a3 Nb6 14. Qb3 e5 15. Bg5 Be6 16. Qb1 Rfd8 17. Ne4 Nbd5 18. Qb2 h6 19. Bxf6 gxf6 20. Qd2 f5 21. Nxd6 Qxd6 22. Qxh6 e4 23. Ng5 Qe5 24. Nxe6 fxe6 25. Rac1 Rd7 26. h4 Rg7 27. Kf1 Rf8 28. Rc4 b5 29. Rcd4 Rf6 30. Qd2 e3 31. Qd3 exf2 32. Bxd5 exd5 33. Rxd5 Qe4 34. Rd8+ Kh7 35. Qxe4 fxe4 36. R8d7 Rff7 37. Rxf7 Rxf7 38. Rd4 e3 39. Re4 1-0

[Event "Landesklasse Ost 2024/25"]
[Site "?"]
[Date "2024.12.08"]
[Round "4.2"]
[White "Künzel, Andre"]
[Black "Bellmann, Daniel"]
[Result "1/2-1/2"]
[WhiteElo "1940"]
[BlackElo "1814"]
[PlyCount "53"]
[EventDate "2024.09.15"]
[EventType "team-tourn"]
[EventRounds "9"]
[WhiteTeam "Schachklub Weida"]
[BlackTeam "MTV 1876 Saalfeld"]

{[%evp 0,53,28,12,22,18,60,59,42,42,43,39,60,45,65,33,29,31,34,33,13,9,-13,-12,-11,-22,-23,-28,-19,-31,-26,-23,-24,-31,-25,-29,-33,-42,-38,-27,-7,-7,-3,-31,-5,-21,-28,-30,-26,-11,-3,-14,-5,1,6,6]} 1. d4 d5 2. Nf3 c6 3. Bf4 Qb6 4. Qc1 Bf5 5. e3 e6 6. Nbd2 Nf6 7. Nh4 Nh5 8. Be5 Nd7 9. Be2 Bg6 10. h3 Nhf6 11. Nxg6 hxg6 12. Bh2 c5 13. c3 Rc8 14. O-O Bd6 15. Bxd6 Qxd6 16. Nf3 O-O 17. Qd1 c4 18. Nd2 b5 19. Bf3 Rb8 20. e4 dxe4 21. Bxe4 Nb6 22. Bc2 Nbd5 23. a3 Rfc8 24. Re1 a5 25. Qe2 Qc7 26. Ne4 Nxe4 27. Bxe4 1/2-1/2

[Event "Landesklasse Ost 2024/25"]
[Site "?"]
[Date "2024.12.08"]
[Round "4.3"]
[White "Böhl, Dietmar"]
[Black "Schlierf, Andre"]
[Result "1/2-1/2"]
[WhiteElo "1805"]
[BlackElo "1744"]
[PlyCount "44"]
[EventDate "2024.09.15"]
[EventType "team-tourn"]
[EventRounds "9"]
[WhiteTeam "MTV 1876 Saalfeld"]
[BlackTeam "Schachklub Weida"]

{[%evp 0,44,28,22,70,68,68,63,79,53,84,67,67,55,55,49,49,29,35,22,43,30,22,27,8,-5,-34,-53,-75,-75,-75,-107,-100,-124,-94,-106,-90,-90,-61,-83,-58,-243,-155,-154,-152,-152,-163]} 1. Nf3 f5 2. g3 Nf6 3. Bg2 c6 4. d3 g6 5. O-O Bg7 6. Nc3 d6 7. e4 O-O 8. Qe2 e5 9. h3 Qc7 10. a4 Na6 11. exf5 Bxf5 12. g4 Bd7 13. d4 exd4 14. Nxd4 Rae8 15. Qd3 d5 16. Nce2 Nc5 17. Qa3 Nfe4 18. Be3 Ne6 19. Rad1 b6 20. Nc3 Nxc3 21. bxc3 Nf4 22. Bxf4 Qxf4 1/2-1/2

[Event "Landesklasse Ost 2024/25"]
[Site "?"]
[Date "2024.12.08"]
[Round "4.4"]
[White "Schumann, Robert"]
[Black "Wagner, Ronald"]
[Result "1/2-1/2"]
[WhiteElo "1852"]
[BlackElo "1775"]
[PlyCount "45"]
[EventDate "2024.09.15"]
[EventType "team-tourn"]
[EventRounds "9"]
[WhiteTeam "Schachklub Weida"]
[BlackTeam "MTV 1876 Saalfeld"]

{[%evp 0,45,25,32,17,32,24,12,40,-31,18,4,14,11,12,19,16,17,29,20,13,16,3,21,21,21,21,21,26,28,26,35,34,15,26,26,36,16,19,6,31,13,46,38,53,18,25,0]} 1. d4 Nf6 2. Nf3 d5 3. e3 Bf5 4. c4 c6 5. Nc3 e6 6. Bd3 Bxd3 7. Qxd3 Nbd7 8. O-O Bd6 9. b3 O-O 10. Bb2 Re8 11. e4 dxe4 12. Nxe4 Nxe4 13. Qxe4 Nf6 14. Qc2 Qc7 15. Rad1 Rad8 16. Rd2 Bb4 17. Re2 a5 18. a4 Qf4 19. Ne5 Qh4 20. Re3 h6 21. f4 Nd7 22. Rh3 Qe7 23. Ng4 1/2-1/2

[Event "Landesklasse Ost 2024/25"]
[Site "?"]
[Date "2024.12.08"]
[Round "4.5"]
[White "Herrmann, Manfred"]
[Black "Heine, Mario"]
[Result "0-1"]
[WhiteElo "1567"]
[BlackElo "1739"]
[PlyCount "96"]
[EventDate "2024.09.15"]
[EventType "team-tourn"]
[EventRounds "9"]
[WhiteTeam "MTV 1876 Saalfeld"]
[BlackTeam "Schachklub Weida"]

{[%evp 0,96,30,-20,20,15,33,-26,29,25,30,30,41,10,23,14,35,31,46,41,72,59,86,95,67,58,44,14,8,1,0,-21,-3,-28,-46,-107,-39,-54,-51,-33,-45,-64,-60,-54,-39,-119,-30,-199,-241,-332,-345,-354,-351,-413,-236,-270,-171,-171,-213,-213,-229,-235,-229,-198,-222,-246,-94,-216,-258,-262,-259,-271,-281,-281,-282,-309,-332,-388,-388,-472,-472,-582,-844,-1260,-545,-1135,-1253,-1385,-733,-917,-1092,-1499,-2006,-29983,-2682,-29975,-29976,-29977,-29980]} 1. g3 d6 2. Bg2 Nf6 3. d3 Nbd7 4. e4 e5 5. Nc3 c6 6. Nge2 Be7 7. O-O Qc7 8. Kh1 Nc5 9. f4 h5 10. h3 Ne6 11. f5 Nc5 12. Ng1 Ncd7 13. Bd2 b6 14. a3 Bb7 15. b4 a6 16. a4 d5 17. b5 d4 18. Nce2 cxb5 19. axb5 a5 20. c4 Nc5 21. Qc2 Rd8 22. Bg5 Qd6 23. Rfd1 Nfxe4 24. Bxe7 Nf2+ 25. Kh2 Qxe7 26. Rd2 Bxg2 27. Kxg2 Nfxd3 28. Rxd3 Nxd3 29. Qxd3 e4 30. Qd1 Qe5 31. Nf4 h4 32. Qg4 hxg3 33. Qxg3 d3 34. Rd1 O-O 35. Nd5 Rxd5 36. cxd5 Qxf5 37. Qe3 Qxd5 38. Rd2 f5 39. Ne2 f4 40. Qd4 Qg5+ 41. Kh2 dxe2 42. Qc4+ Kh8 43. Qxe2 Qg3+ 44. Kh1 f3 45. Qd1 e3 46. Rh2 e2 47. Rxe2 fxe2 48. Qxe2 Qf3+ 0-1

[Event "Landesklasse Ost 2024/25"]
[Site "?"]
[Date "2024.12.08"]
[Round "4.6"]
[White "Heine, Robert"]
[Black "Möbius, Paul"]
[Result "1-0"]
[WhiteElo "1547"]
[BlackElo "1495"]
[PlyCount "43"]
[EventDate "2024.09.15"]
[EventType "team-tourn"]
[EventRounds "9"]
[WhiteTeam "Schachklub Weida"]
[BlackTeam "MTV 1876 Saalfeld"]

{[%evp 0,43,30,24,19,15,50,35,27,9,70,18,3,-8,6,-19,-19,-38,-42,-62,-59,-59,-39,-27,-27,-23,-29,-6,-11,-14,-7,0,19,29,56,36,127,66,117,64,59,78,785,747,1027,1023]} 1. d4 d5 2. Nf3 h6 3. e3 Nf6 4. Nbd2 Bg4 5. Be2 e6 6. c3 a6 7. Qc2 c5 8. e4 cxd4 9. Nxd4 Bxe2 10. Nxe2 Nc6 11. O-O Bd6 12. exd5 exd5 13. Nf3 O-O 14. Ng3 Bxg3 15. hxg3 Ne7 16. Be3 Ng4 17. Bd4 Ng6 18. Rfe1 Qd6 19. Re2 Rfe8 20. Rae1 Re6 21. Rxe6 fxe6 22. Qxg6 1-0

[Event "Landesklasse Ost 2024/25"]
[Site "?"]
[Date "2024.12.08"]
[Round "4.7"]
[White "Pods, Werner"]
[Black "Lehmann, Volkhard"]
[Result "1/2-1/2"]
[WhiteElo "1448"]
[BlackElo "1563"]
[PlyCount "46"]
[EventDate "2024.09.15"]
[EventType "team-tourn"]
[EventRounds "9"]
[WhiteTeam "MTV 1876 Saalfeld"]
[BlackTeam "Schachklub Weida"]

{[%evp 0,46,37,-5,-16,-19,-3,-3,19,3,78,12,12,21,8,9,21,6,31,11,24,40,36,3,4,5,5,12,-1,-1,36,18,44,30,9,13,13,-18,125,152,121,104,137,120,108,97,163,160,180]} 1. c4 Nf6 2. d4 e6 3. Nc3 Be7 4. Nf3 b6 5. g3 Bb7 6. Bg2 O-O 7. O-O d6 8. Qc2 Nbd7 9. e4 Rb8 10. b3 c5 11. e5 dxe5 12. dxe5 Ng4 13. Re1 Bxf3 14. Bxf3 Ngxe5 15. Bg2 Ng6 16. Bb2 Bf6 17. Rad1 a6 18. Bc6 Nge5 19. Rxe5 Bxe5 20. Bxd7 Bd4 21. Bc6 Qd6 22. Be4 g6 23. Ne2 e5 1/2-1/2

[Event "Landesklasse Ost 2024/25"]
[Site "?"]
[Date "2024.12.08"]
[Round "4.8"]
[White "Pillot, Franz"]
[Black "Samarskyi, Oleksii (Aljosha)"]
[Result "1/2-1/2"]
[WhiteElo "1261"]
[BlackElo "1326"]
[PlyCount "90"]
[EventDate "2024.09.15"]
[EventType "team-tourn"]
[EventRounds "9"]
[WhiteTeam "Schachklub Weida"]
[BlackTeam "MTV 1876 Saalfeld"]

{[%evp 0,90,23,23,44,45,78,78,82,79,79,76,50,51,49,27,40,16,38,20,40,48,51,36,49,-74,77,56,56,47,49,33,46,43,56,43,18,36,14,0,14,-7,16,-3,6,-40,-13,-42,-19,-49,-23,-6,-2,-31,1,0,0,0,0,7,21,68,65,72,66,76,74,75,77,74,82,76,81,82,82,89,86,93,96,97,105,82,80,73,71,63,74,74,87,88,87,48,42]} 1. e4 d5 2. exd5 Qxd5 3. Nc3 Qd8 4. Nf3 Nf6 5. Be2 Bf5 6. O-O e6 7. d3 Nc6 8. Bf4 Bb4 9. a3 Bxc3 10. bxc3 O-O 11. Rb1 Rb8 12. Nh4 Ne7 13. Nxf5 Nxf5 14. Bf3 b6 15. Qe1 Re8 16. Bc6 Rf8 17. Qe2 Nd5 18. Bxd5 exd5 19. Qg4 g6 20. Rfe1 Rc8 21. g3 Re8 22. Re2 h5 23. Qf3 c6 24. a4 d4 25. c4 Qd7 26. Rbe1 c5 27. Rxe8+ Rxe8 28. Rxe8+ Qxe8 29. Qe4 Kf8 30. Qxe8+ Kxe8 31. Bb8 a6 32. Bc7 Kd7 33. Bxb6 Kc6 34. a5 h4 35. Kg2 hxg3 36. hxg3 Nd6 37. Kf3 Nc8 38. Bd8 Kd7 39. Bg5 Na7 40. Ke4 Ke6 41. Bd2 Nc6 42. f4 f5+ 43. Kf3 Kf6 44. g4 Ke6 45. gxf5+ Kxf5 1/2-1/2

[Event "Landesklasse Ost 2024/25"]
[Site "?"]
[Date "2024.12.08"]
[Round "4.1"]
[White "Schulz, Phillip"]
[Black "Greiner, Timo"]
[Result "1/2-1/2"]
[WhiteElo "1974"]
[BlackElo "2024"]
[PlyCount "55"]
[EventDate "2024.09.15"]
[EventType "team-tourn"]
[EventRounds "9"]
[WhiteTeam "TV 1887 Germania Hermsdorf"]
[BlackTeam "SV Thuringia Königsee"]

{[%evp 0,31,16,28,26,-14,37,25,24,24,16,29,38,34,74,52,63,41,64,37,38,26,47,46,51,17,12,15,15,22,9,6,0,11]} 1. d4 d5 2. c4 c6 3. cxd5 cxd5 4. Nc3 Nf6 5. Bf4 Nc6 6. e3 a6 7. Bd3 Bg4 8. f3 Bh5 9. Nge2 e6 10. Rc1 Be7 11. O-O O-O 12. Bg3 Bg6 13. Nf4 Rc8 14. Nxg6 hxg6 15. Na4 Nd7 16. a3 Na5 17. b4 Nc4 18. Bxc4 Rxc4 19. Qd2 b5 20. Nb2 Rxc1 21. Rxc1 Qa8 22. Bc7 Rc8 23. Nd3 Qb7 24. Ba5 Rc4 25. Nb2 Rc6 26. Nd3 Rc4 27. Nb2 Rc6 28. Nd3 1/2-1/2

[Event "Landesklasse Ost 2024/25"]
[Site "?"]
[Date "2024.12.08"]
[Round "4.2"]
[White "Kreutzmann, Henry"]
[Black "Wentzel, Florian"]
[Result "1/2-1/2"]
[WhiteElo "1801"]
[BlackElo "2032"]
[PlyCount "57"]
[EventDate "2024.09.15"]
[EventType "team-tourn"]
[EventRounds "9"]
[WhiteTeam "SV Thuringia Königsee"]
[BlackTeam "TV 1887 Germania Hermsdorf"]

{[%evp 0,57,19,-12,34,32,20,39,42,43,37,13,25,32,27,-48,25,-29,-32,-44,-14,-77,-78,-77,-77,-82,-81,-80,-67,-122,-52,-43,-16,-15,-27,-14,-14,-8,16,-8,-25,-24,-34,-44,-49,-53,-64,-63,-40,-30,-35,-36,-29,-29,-28,-1,-3,-3,-12,-12]} 1. c4 c6 2. Nf3 d5 3. e3 Nf6 4. Nc3 g6 5. b3 Bg7 6. Bb2 O-O 7. Qc2 Re8 8. Be2 e5 9. cxd5 cxd5 10. Nb5 Nc6 11. O-O a6 12. Na3 Bf5 13. d3 Rc8 14. Qd2 Qe7 15. Nc2 e4 16. Nfd4 Nxd4 17. Nxd4 Bg4 18. Rac1 Bxe2 19. Qxe2 Nd7 20. dxe4 dxe4 21. Qg4 f5 22. Qg3 Ne5 23. Ne2 Nf3+ 24. gxf3 Bxb2 25. Rxc8 Rxc8 26. fxe4 Qxe4 27. Qd6 Qc6 28. Qd2 Ba3 29. Rd1 1/2-1/2

[Event "Landesklasse Ost 2024/25"]
[Site "?"]
[Date "2024.12.08"]
[Round "4.5"]
[White "Moje, Hans-Jürgen"]
[Black "Steiger, Bernd"]
[Result "1/2-1/2"]
[WhiteElo "1823"]
[BlackElo "1783"]
[PlyCount "34"]
[EventDate "2024.09.15"]
[EventType "team-tourn"]
[EventRounds "9"]
[WhiteTeam "TV 1887 Germania Hermsdorf"]
[BlackTeam "SV Thuringia Königsee"]

{[%evp 0,34,23,20,27,22,25,5,48,-37,-25,26,17,-13,-12,15,-12,0,3,1,-1,3,14,12,18,9,11,22,23,-6,43,8,35,26,39,35,30]} 1. e4 e5 2. Nf3 Nc6 3. Bc4 Be7 4. c3 Nf6 5. d4 d6 6. dxe5 Nxe5 7. Nxe5 dxe5 8. Qxd8+ Bxd8 9. O-O O-O 10. f3 Be7 11. Be3 b6 12. Nd2 Bb7 13. Nb3 Rfd8 14. Rad1 Kf8 15. Kf2 Rxd1 16. Rxd1 Rd8 17. Rxd8+ Bxd8 1/2-1/2

[Event "Landesklasse Ost 2024/25"]
[Site "?"]
[Date "2024.12.08"]
[Round "4.6"]
[White "Quandt, Friedbert"]
[Black "Hadlich, Gerald"]
[Result "1/2-1/2"]
[WhiteElo "1655"]
[BlackElo "1751"]
[PlyCount "39"]
[EventDate "2024.09.15"]
[EventType "team-tourn"]
[EventRounds "9"]
[WhiteTeam "SV Thuringia Königsee"]
[BlackTeam "TV 1887 Germania Hermsdorf"]

{[%evp 0,39,23,29,75,66,74,58,71,76,91,71,74,57,55,35,69,48,48,23,57,41,91,57,75,79,68,66,60,-15,-21,-21,-23,-62,-55,-68,-66,-67,-61,-55,105,98]} 1. d4 f5 2. Bf4 Nf6 3. e3 d6 4. Nf3 g6 5. Bc4 e6 6. Nbd2 Bg7 7. c3 Qe7 8. O-O O-O 9. Re1 Ne4 10. h3 Kh8 11. Bd3 Nxd2 12. Qxd2 e5 13. Bg5 Qf7 14. Bc2 e4 15. Nh2 Be6 16. b3 d5 17. f3 h6 18. Bh4 g5 19. Bg3 f4 20. Bf2 1/2-1/2

[Event "Landesklasse Ost 2024/25"]
[Site "?"]
[Date "2024.12.08"]
[Round "4.7"]
[White "Günther, Dominik"]
[Black "Margraf, Moritz"]
[Result "0-1"]
[WhiteElo "1478"]
[BlackElo "1522"]
[PlyCount "40"]
[EventDate "2024.09.15"]
[EventType "team-tourn"]
[EventRounds "9"]
[WhiteTeam "TV 1887 Germania Hermsdorf"]
[BlackTeam "SV Thuringia Königsee"]

{[%evp 0,40,29,29,43,7,18,0,-5,-14,20,27,36,33,22,29,8,-2,7,-20,-48,-44,14,-10,-35,-22,7,-6,62,-270,-270,-288,-257,-285,-205,-308,-336,-316,-316,-589,-584,-584,-600]} 1. d4 e6 2. Nf3 d5 3. c4 Nf6 4. g3 c6 5. Bg2 Bd6 6. O-O Nbd7 7. Qc2 O-O 8. Nc3 dxc4 9. e4 e5 10. Rd1 Qc7 11. b3 exd4 12. Nxd4 cxb3 13. axb3 Be5 14. Nd5 cxd5 15. Qxc7 Bxc7 16. exd5 Nb6 17. Nb5 Be5 18. Ra2 a6 19. Be3 axb5 20. Rxa8 Nxa8 0-1